Statistiken für Städte und Gemeinden im Kreis Rastatt

Klicken Sie hier um das Quiz zu spielen!

Allgemein

  • Dieses Quiz wurde 62 mal gespielt
  • Das Durchschnittsergebnis liegt bei 15 aus 23

Antwortstatistiken

EinwohnerAntwort% Korrekt
47.110Rastatt
98%
28.546Gaggenau
79%
28.566Bühl
76%
13.842Gernsbach
76%
8.092Kuppenheim
76%
6.174Muggensturm
76%
4.794Forbach
71%
2.999Bischweier
67%
10.953Sinzheim
67%
11.803Durmersheim
64%
4.746Iffezheim
64%
4.533Ötigheim
64%
2.465Weisenbach
62%
7.863Bühlertal
60%
2.494Loffenau
60%
6.208Bietigheim
57%
4.969Hügelsheim
57%
3.258Au am Rhein
55%
3.043Steinmauern
55%
4.893Lichtenau
52%
6.057Ottersweier
52%
6.680Rheinmünster
52%
3.223Elchesheim-Illingen
43%

Verteilung der Resultate

Perzentil nach korrekt beantworteten Fragen

Anzahl Personen mit jedem Resultat

Ihre Resultats-Entwicklung

Sie haben dieses Quiz noch nicht gespielt